000 00208 a2200097 4500
001 49582
100 _aMurry
245 _aUnprofessional essays
260 _aLondon
_bJonathan cape
_c
090 _c32105
_d32105
942 _aNUST-CAE
_cM
_c24565
999 _c284655
_d284655